000 01239naa a22002897a 4500
001 BR8302268
003 BR-BrBNA
005 20250721143226.0
007 ta
008 250630b bl.|||m| |||| 00| 0 por d
040 _aBR-BrBNA
_bpor
_cBiblioteca Nacional de Agricultura
041 _a(Pt)
072 _aE70; Q10; N20
_b1410
_bG514
090 _aE70 BR8302268
100 1 _aSilva, J. de S. e
245 1 _aSecagem de feijao em ramas [Minas Gerais, Brasil]
500 _aPrograma Estadual de Promocao de Pequenos Produtores Rurais de Minas Gerais - MG-2 Moura, P.A.M. de (ed.) Belo Horizonte, MG (Brasil): 1983. p. 5-13 (BR8302268-AMS)
773 0 _tPrograma Estadual de Promocao de Pequenos Produtores Rurais de Minas Gerais - MG-2
_aMoura, P.A.M. de (ed.). Empresa de Pesquisa Agropecuaria de Minas Gerais, Belo Horizonte (Brasil)
_wE70 BR8302268
_gBelo Horizonte, MG (Brasil), 1983. p. 5-13
650 _aFEIJAO
650 _aSECAGEM ARTIFICIAL
650 _aSECADOR
650 _aMERCADO ATACADISTA
650 _aMINAS GERAIS
490 _aBoletim de Orientacao de Mercado Agricola - Empresa de Pesquisa Agropecuaria de Minas Gerais (Brazil)
_vv. 3(39)
942 _cAMS
_2AGRIS
909 _a202506
_bLúcia
_c55
_dLúcia Elande
999 _c334513
_d334513